Gia lễ chỉ nam

Nội dung sách tổng hợp các nghi thức: tang lễ, hôn lễ, thọ lễ, khấn giỗ tết, quan chế, câu đối mừng, phúng, thơ thiệp hỏi thăm và giấy cáo phó... cùng cách chếp gia phả.

সংরক্ষণ করুন:
গ্রন্থ-পঞ্জীর বিবরন
প্রধান লেখক: Nguyễn Tử Siêu
অন্যান্য লেখক: Thường Sơn (Hợp soạn), Lương sĩ Hạnh (Hợp soạn)
বিন্যাস: গ্রন্থ
ভাষা:Vietnamese
প্রকাশিত: H. Dân trí 2022
বিষয়গুলি:
ট্যাগগুলো: ট্যাগ যুক্ত করুন
কোনো ট্যাগ নেই, প্রথমজন হিসাবে ট্যাগ করুন!
Thư viện lưu trữ: Thư viện Trường Đại học Nam Cần Thơ
LEADER 01103nam a22002177a 4500
001 NCT_147249
008 230404b xxu||||| |||| 00| 0 vie d
999 |c 7583  |d 7583 
020 |a 9786043565058  |c 99000 
082 0 4 |2 23rd ed.  |a 395.2  |b S309 
100 1 |a Nguyễn Tử Siêu 
245 1 0 |a Gia lễ chỉ nam  |c Nguyễn Tử Siêu; Thường Sơn, Lương sĩ Hạnh (Hợp soạn) 
260 |a H.  |b Dân trí  |c 2022 
300 |a 216 tr.  |c 21 cm 
520 3 |a Nội dung sách tổng hợp các nghi thức: tang lễ, hôn lễ, thọ lễ, khấn giỗ tết, quan chế, câu đối mừng, phúng, thơ thiệp hỏi thăm và giấy cáo phó... cùng cách chếp gia phả. 
653 |a Tham Khảo 
700 1 |a Thường Sơn  |e Hợp soạn 
700 1 |a Lương sĩ Hạnh  |e Hợp soạn 
942 |2 ddc  |c BK 
952 |0 0  |1 0  |2 ddc  |4 0  |6 395_200000000000000_S309  |7 0  |9 27313  |a 000001  |b 000001  |d 2023-04-04  |o 395.2 S309  |p TK.03261  |r 2023-04-04  |v 99000.00  |w 2023-04-04  |y BK 
980 |a Thư viện Trường Đại học Nam Cần Thơ